Introduction to the public admistration (Record no. 542590)

000 -LEADER
fixed length control field 00455nam a22001577a 4500
082 ## - DEWEY DECIMAL CLASSIFICATION NUMBER
Classification number 350
Author Mark WHI
-- L-27, P-5
100 ## - MAIN ENTRY--PERSONAL NAME
Personal name White, Leonard D.
9 (RLIN) 37819
245 ## - TITLE STATEMENT
Title Introduction to the public admistration
Statement of responsibility, etc. White, Leonard D.
250 ## - EDITION STATEMENT
Edition statement 4th ed.
260 ## - PUBLICATION, DISTRIBUTION, ETC.
Place of publication, distribution, etc. New York
Name of publisher, distributor, etc. The macmillan company
Date of publication, distribution, etc. 1955
300 ## - PHYSICAL DESCRIPTION
Extent xx, 531 p. :
526 ## - STUDY PROGRAM INFORMATION NOTE
Program name 0
Interest level 0
Reading level 0
Title point value 350_000000000000000_WHI
650 ## - SUBJECT ADDED ENTRY--TOPICAL TERM
Topical term or geographic name entry element MCE
9 (RLIN) 379
700 ## - ADDED ENTRY--PERSONAL NAME
Personal name White, Leonard D.
9 (RLIN) 37819
942 ## - ADDED ENTRY ELEMENTS (KOHA)
Source of classification or shelving scheme
Koha item type Book
Holdings
Withdrawn status Lost status Source of classification or shelving scheme Damaged status Not for loan Permanent Location Current Location Date acquired Total Checkouts Full call number Barcode Date last seen Price effective from Koha item type
          Military College of Engineering (MCE) Military College of Engineering (MCE) 02/03/2014   350 WHI MCE-30978 02/03/2014 02/03/2014 Book
© 2023 Central Library, National University of Sciences and Technology. All Rights Reserved.